Championship 2023/24 - Statistics

General Stats
  • This quiz has been taken 33 times
  • The average score is 21 of 24
Answer Stats
Standings Team W D L GF GA Pts % Correct
3rd Leeds United 27 9 10 81 43 90
100%
Champions Leicester City 31 4 11 89 41 97
100%
2nd Ipswich Town 28 12 6 92 57 96
96%
6th Norwich City 21 10 15 79 64 73
93%
16th Sunderland 16 8 22 52 54 56
93%
5th West Brom 21 12 13 70 47 75
93%
22nd Birmingham City 13 11 22 50 65 50
89%
11th Bristol City 17 11 18 53 51 62
89%
12th Cardiff City 19 5 22 53 70 62
89%
9th Coventry City 17 13 16 70 59 64
89%
21st Plymouth Argyle 13 12 21 59 70 51
89%
20th Sheffield Wednesday 15 8 23 44 68 53
89%
4th Southampton 26 9 11 87 63 87
89%
23rd Huddersfield Town 9 18 19 48 77 45
85%
7th Hull City 19 13 14 68 60 70
85%
18th QPR 15 11 20 47 58 56
85%
14th Swansea City 15 12 19 59 65 57
85%
13th Millwall 16 11 19 45 55 59
81%
19th Blackburn Rovers 14 11 21 60 74 53
78%
8th Middlesbrough 20 9 17 71 62 69
78%
10th Preston 18 9 19 56 67 63
78%
24th Rotherham United 5 12 29 37 89 27
78%
15th Watford 13 17 16 61 61 56
78%
17th Stoke City 15 11 20 49 60 56
70%
No matching quizzes found
Score Distribution
Percent of People with Each Score
Percentile by Number Answered
Your Score History
You have not taken this quiz